000 00801nam a22002297a 4500
003 OSt
005 20250716054505.0
008 250716b |||||||| |||| 00| 0 eng d
020 _a9789719636007
040 _aDWCL - Main lib
_cOC
082 _aCirc. 610.73068 B917n 2014
100 _aBuhat, Maria Linda G.
245 _aNursing leadership and management :
_c a breakthrough approach, volume 1/
250 _aFirst edition.
260 _aQuezon City, Philippines :
_b Association of Nursing Service Administrators of the Philippines,
_c c2014.
300 _a231 pages :
_billustrations ;
_c23 cm.
504 _aIncludes index.
650 _a1. Nursing-- Management.
650 _a2. Nursing--Leadership.
700 _aRustico T. De Belen
942 _2ddc
_cBK-CIRC
_eFirst edition.
_kCirc.
_n0
999 _c3707
_d3707